La monarquia absoluta en Europa: el desarrollo del estado moderno en los siglos XVI, XVII y XVIII.

Uloženo v:
Podrobná bibliografie
Hlavní autor: Krebs Wilckens, Ricardo (autor)
Médium: Kniha
Jazyk:španělština
Vydáno: Santiago, Chile Universitaria 1979
Edice:Humanidades Historia. 16
Témata:
Tagy: Přidat tag
Žádné tagy, Buďte první, kdo vytvoří štítek k tomuto záznamu!

MARC

LEADER 00000cam a2200000 a 4500
001 UCD3795
003 CL-VaPUC
005 20220329133224.0
008 160616e19790400cl |||||||||||||||||spa|d
999 |c 364810  |d 364808 
040 |c Pontificia Universidad Católica de Valparaíso 
082 0 4 |a 321.6 KRE 1979  |2 21 
100 |a Krebs Wilckens, Ricardo  |e autor  |9 588021 
245 1 3 |a La monarquia absoluta en Europa: el desarrollo del estado moderno en los siglos XVI, XVII y XVIII. 
260 0 3 |a Santiago, Chile  |b Universitaria  |c 1979 
300 |a 99 páginas. 
490 0 |a Humanidades Historia.  |v 16 
583 |a last modification  |c 20160616 22:39:00  |k Rodrigo Vera 
650 0 |a Absolutismo  |9 257456 
650 0 |a Monarquía   |9 255259 
650 7 |a DESPOTISMO  |2 CL-VaPUC  |9 257457 
650 7 |a REYES Y SOBERANOS  |2 CL-VaPUC  |9 257458 
651 0 |a Europa  |9 255156 
942 |c BK  |2 ddc 
945 |d 20160616 22:39:00  |a arojas 
952 |0 0  |1 0  |2 ddc  |3 erb  |4 0  |6 321_600000000000000_KRE_1979  |7 0  |8 A  |9 478399  |a FDOHBE  |b FDOHBE  |e Huesbe Llanos, Marco Antonio, 1934-  |i 5330416  |o 321.6 KRE 1979  |p 5330416  |r 2024-01-30  |t 1  |w 2019-11-24  |y BK  |z Catalogado en:20160616  |k HBE